Les 10 animaux les plus adoptés en France - Statistiques

Statistiques générales
  • Ce quiz a été pris 1 505 fois
  • Le résultat moyen est 8 sur 10
Statistiques - réponses
Nombres d'animaux dans nos foyer Réponse % Correct
15 millions Chats
100%
7.5 millions Chiens
100%
1.5 millions Les Rongeurs
95%
700 000 Les Reptiles
89%
30 millions Poissons
86%
2 millions Lapins
80%
5 millions Oiseaux
80%
100 000 Equidés
64%
200 000 Poules et volaille
55%
300 000 Furet
20%
Aucun quiz correspondant
Distribution des résultats
% des personnes avec chaque résultat
Percentile par nombre de réponses
Votre historique - résultats
Vous n’avez pas pris ce quiz